| 000 | 00572nam a2200193 a 4500 | ||
|---|---|---|---|
| 001 | 3018 | ||
| 003 | CDMR | ||
| 005 | 20131024112402.0 | ||
| 008 | 130130s1967||||||||||||||||||||||||||||d | ||
| 040 |
_aCDMR _bcat _cCDMR |
||
| 100 | 1 |
_92219 _aBeck, A.H.W. |
|
| 245 | 1 | 0 |
_aPalabras y ondas _b: introducción a los sistemas de comunicación eléctrica |
| 260 |
_aMadrid _c1967 _bGuadarrama |
||
| 300 | _a252 p. | ||
| 490 | 0 |
_aBiblioteca para el Hombre Actual _v12 |
|
| 650 | 0 | 4 |
_94180 _aSistemes de telecomunicació _xHistòria |
| 650 | 0 | 4 |
_92384 _aRàdio _xTècnica |
| 942 |
_cMON _2udc |
||
| 999 |
_c3018 _d3018 |
||